| 000 | 00000nam##2200000za#4500 |
| 001 | 9.574969 |
| 003 | CaOODSP |
| 005 | 20210624184435 |
| 007 | cr ||||||||||| |
| 008 | 150406|2003||||xxc|||||o f|0| 0 eng|d |
| 022 | |a1488-5379 |
| 040 | |aCaOODSP|beng |
| 043 | |an-cn--- |
| 086 | 1 |aFs97-6/2473E-PDF |
| 110 | 1 |aCanada. |bDepartment of Fisheries and Oceans. |
| 245 | 10|aSpatial analysis of 18 demersal species in relation to petroleum licence areas on the Grand Bank (1980-2000) / |h[electronic resource]|cby D.W. Kulka, N.C. Antle and J.M. Simms. |
| 260 | |aSt. John's - Newfoundland and Labrador : |bFisheries and Oceans Canada |cc2003. |
| 300 | |a202p.|bcoloured maps, figs., references, tables |
| 490 | 1 |aCanadian technical report of fisheries and aquatic sciences|x1488-5379|vNo. 2473 |
| 500 | |aThe catalogue number and ISSN for the print edition appear in this electronic version. |
| 590 | |a12-37-Supp|b2012-09-24 |
| 720 | 1 |aKulka, D. W. |
| 720 | 1 |aAntle, N. C. |
| 720 | 1 |aSimms, J. M. |
| 830 | #0|aCanadian technical report of fisheries and aquatic sciences,|x1488-5379|vNo. 2473|w(CaOODSP)9.504449 |
| 856 | 40|ahttp://publications.gc.ca|qPDF|s18,027 KB|uhttps://publications.gc.ca/collections/collection_2012/mpo-dfo/Fs97-6-2473-eng.pdf|yNo. 2473 |